000
00217 a2200109 4500
020
_a
012300006002
041
_a
spa
100
_a
Kenda, Margaret.
245
_a
Science wizardry for kids
942
_c
BK
999
_c
6021
_d
6021
999
_d
6021